000 00947 a2200265 4500
001 sjds
003 sjds
005 20240515202323.0
008 240515b |||||||| |||| 00| 0 spa d
020 _a9789974690349
020 _a997469034X
040 _csjds
041 _aspa
100 _aShelley, Mary W.
245 _aFrankenstein /
_cMary W. Shelley (Author), Michael Burgan (Adapter), Dennis Calero (Illustrator), Maria Carolina Berduque (Translator), Juan Cruz de Sabato (Translator)
260 _a Uruguay :
_bLatinbooks Internacional,
_c2011
300 _a63 p. :
_bil. color
440 _aNovela Grafica
520 _aA retelling, in graphic novel form, of Mary Shelley's classic novel of a scientist who brings a monster to life
700 _aBurgan, Michael
_eAdapter
700 _aCalero, Dennis
_eillustrator
700 _aBerduque, Maria Carolina
_etranslator
700 _aDe Sabato, Juan Cruz
_etranslator
942 _cBK
999 _c29655
_d29653